Riddles of the Sphinx :
Main Author:
Format: Book
Language: English
Published:
New York :
New York University Press,
1998.
Subjects:
Tags: Add Tag
Call Number: DT62 .S7 J67
| LEADER | 00623nam a22001937a 4500 | ||
|---|---|---|---|
| 003 | OSt | ||
| 005 | 20260512082342.0 | ||
| 008 | 260512t9999 nyuab |||||||||| ||eng|| | ||
| 020 | |a 9781840150179 | ||
| 050 | 1 | 4 | |a DT62 .S7 |b J67 |
| 100 | 1 | |a Paul Jordan |d author | |
| 245 | 1 | 0 | |a Riddles of the Sphinx : |c Paul Jordan. |
| 264 | 1 | |a New York : |b New York University Press, |c 1998. | |
| 300 | |a 222 page : |b illustrations (chiefly col.), maps ; |c 27cm. | ||
| 504 | |a Includes bibliographical references (p. [215]-217) and index. | ||
| 650 | 4 | |a Great Sphinx (Egypt) | |
| 650 | 4 | |a Sphinx de Gizeh (Égypte) | |
| 942 | |2 lcc |c BK | ||
| 999 | |c 60945 |d 60945 | ||
